000 00375pab a2200157 454500
008 180718b1996 xxu||||| |||| 00| 0 eng d
100 _aPhilip, Prateep V.
245 _aThe friends of police movement in India
260 _c1996
300 _ap.126-30
362 _aApr-Jun
650 _aPolice - India
650 _aPolice
773 _aPolice Journal
909 _a31068
999 _c31068
_d31068